| Registos Bibliográficos associados ao registo de autoridade |
|
Etiqueta de registo: 00254nam 2200025 450 001 2286469 003 http://id.bnportugal.gov.pt/bib/catbnp/2286469 100 ## $a20260518d1855 m y0pory01030103ba 101 1# $afre$cspa 102 ## $aFR 105 ## $ay z 000yy 106 ## $ar 200 1# $aLettres a un sceptique en matière de religion$fpar J. Balmès$gouvrage traduit de l'Espagnol, avec une introduction, par J. Bareille 210 #9 $aParis$cLouis Vivès, libraire-éditeur,$d1855 215 ## $aXXI, [1 br.], 309, [3] p.$d18 cm 317 ## $aPert. na f. de rosto: "Bibliotheca do Collegio do Barro" (carimbo)$5PTBN: R. 1855 P. 700 #1 $aBalmes,$bJaime,$f1810-1848$3221315 702 #1 $aBareille,$bJean-François,$f1813-1895$4730$31220839 801 #0 $aPT$bBN$gRPC 856 40 $2Cópia digital disponível em Google Books$uhttps://books.google.pt/books?id=r0E-AAAAcAAJ&hl=pt-PT&pg=PR3#v=onepage&q&f=false 966 ## $lBN$mFGMON$sR. 24996 P.$x0 966 ## $lBN$mFGMON$sR. 1855 P. 971 ## $cpmesqui$d20260518 997 ## $aBIBEOD
Etiqueta de registo: 00469nam 22001691i 450 001 1276213 003 http://id.bnportugal.gov.pt/bib/catbnp/1276213 100 ## $a20020801d1849 m y0pory010305 ba 101 0# $afre 102 ## $aFR 200 1# $aHistoire de S. Thomas d'Aquin ...$fpar M. l'Abbé Bareille 205 ## $a2a ed 210 #9 $aParis$aLyon$c[s.n.$d1849]$eToulouse :$gImp. Delaol) 215 ## $aLXIV, 431 p.$d18 cm 700 #1 $aBareille,$bJean-François,$f1813-1895$31220839 801 #0 $aPT$bBN 801 #1 $aFR$bJOUVE 966 ## $lBN$mFGMON$sR. 4249 P.$x0 997 ## $aBIBEOD
Etiqueta de registo: 00254nam 2200025 450 001 2061091 003 http://id.bnportugal.gov.pt/bib/catbnp/2061091 100 ## $a20201209d1854 m y0pory01030103ba 101 1# $afre$cspa 102 ## $aFR 105 ## $ay z 000yy 106 ## $ar 200 1# $aMélanges religieux, philosophiques, politiques et littéraires de J. Balmès$ftraduits de l'espagnol, avec une introduction, par J. Bareille 210 #9 $aParis$cchez Louis Vivès, Éditeur,$d1854 215 ## $a3 t.$d19 cm 317 ## $aPert. na f. de rosto: «Bibliotheca do Convento de Varatojo» (carimbo)$5PTBN: VAR. 3850-3852 321 1# $aBnF FRBNF30050558 327 1# $aT. 1. - LVIII, 396 p. ; T. 2. - 410 p. ; T. 3. - 424 p. 700 #1 $aBalmes,$bJaime,$f1810-1848$3221315 702 #1 $aBareille,$bJean-François,$f1813-1895$4730$31220839 712 02 $aOrdem dos Frades Menores.$bMissionários Apostólicos.$bConvento de Santo António$c(Varatojo, Torres Vedras)$4390$353952 801 #0 $aPT$bBN$gRPC 856 40 $2Cópia digital do t. 1 disponível em BnF/Gallica$uhttps://gallica.bnf.fr/ark:/12148/bpt6k220739g 856 40 $2Cópia digital do t. 2 disponível em BnF/Gallica$uhttps://gallica.bnf.fr/ark:/12148/bpt6k220740d 856 40 $2Cópia digital do t. 3 disponível em BnF/Gallica$uhttps://gallica.bnf.fr/ark:/12148/bpt6k220741s 966 ## $dT. 1$lBN$mFGMON$sVAR. 3850 966 ## $dT. 2$lBN$mFGMON$sVAR. 3851 966 ## $dT. 3$lBN$mFGMON$sVAR. 3852 997 ## $aBIBEOD
|
|
|